Normal view
MARC view
Entry Personal Name
001 - CONTROL NUMBER
- control field: 18615
003 - CONTROL NUMBER IDENTIFIER
- control field: ARRUPE
005 - DATE AND TIME OF LATEST TRANSACTION
- control field: 20150818122224.0
008 - FIXED-LENGTH DATA ELEMENTS
- fixed length control field: 150818|| aca||aabn | a|a d
040 ## - CATALOGING SOURCE
- Original cataloging agency: ARRUPE
- Transcribing agency: ARRUPE
100 ## - HEADING--PERSONAL NAME
- Personal name: Long, George,
- Dates associated with a name: 1800-1879,
- Relator term: tr.
670 ## - SOURCE DATA FOUND
- Source citation: Work cat.: (ARRUPE)0: Marcus Aurelius, Emperor of Rome, 121-180. 18614, The thoughts of the Emperor M. Aurelius Antoninus, 1891.